| 000 | 00870nam a2200205 i 4500 | ||
|---|---|---|---|
| 001 | 167706 | ||
| 003 | ES-MaACL | ||
| 005 | 20230906213558.0 | ||
| 008 | 050929s1884 sp b | |||||||| ||spa d | ||
| 040 |
_aCAM _bspa _cCAM |
||
| 100 | 1 |
_aViso, Julián. _9133796 |
|
| 245 | 1 | 0 | _aMapas para servir al estudio de la frontera entre Venezuela y Colombia. |
| 260 |
_aMadrid : _b[s.n.], _c1884 ( _fEst. tipográfico de los sucesores de Rivadeneyra) |
||
| 300 |
_a28 p., [4] h. pleg. de mapas, 36 x 45 cm ó menos en h. de 45 x 57,5 cm, pleg. en 27,5 x 18,5 cm ; _c27 cm. |
||
| 594 | _aTexto firmado por J. Viso. | ||
| 651 | 4 |
_aColombia- _xFronteras- _zVenezuela. _98072 |
|
| 651 | 4 |
_aVenezuela- _xFronteras- _zColombia. _99518 |
|
| 852 |
_aES-MaACL _jT-388-F-7 _z-- Enc. hol. _z-- Enc. en un vol. facticio |
||
| 852 |
_aES-MaACL _jT-955-F-11 _z.- Legado de González del Campillo |
||
| 999 |
_c167706 _d167706 |
||